000
00225nam a22000857a 4500
008
161201b xxu||||| |||| 00| 0 eng d
100
_9
1695
_a
Saini,T.C
245
_a
Computer Science Part-5
260
_a
New Delhi
_b
methodex Comp.Tech.
999
_c
4405
_d
4405